• 首页
  • 本馆介绍
  • 公告通知
  • 最新文献
  • 馆藏检索
  • 电子资源
  • 读者导购
  • 参考咨询
  • 我的图书馆
  • 登录
  • 详细信息显示
  • 放入我的书架
  • 预约/预借图书
  • 作者相关作品
  • 分类相关作品
  • 丛书相关作品
  • 出版社相关作品

书目信息

  • 表格格式
  • 工作单格式
  • 卡片格式
题名:
日本军国主义
    
 
作者: 井上清 著 ;盛继勤 译
分册: 第四册  
出版信息: 北京   商务印书馆  1985.01
页数: 263页
开本: 19cm
丛书名:
单 册:
中图分类: K313.4
科图分类:
主题词: 东亚--历史
电子资源:
ISBN:
000 00784nam0 2200241 45
001 0405130892
005 20040513083957.8
010    @dCNY1.40
091    @a11017.664
100    @a20040513d1985 km y0chiy0120 ea
101 0  @achi
105    @a z 000yy
200 1  @a日本军国主义@h第四册@ARi Ben Jun Guo Zhu Yi@e重整军备与军国主义复活@EZhong Zheng Jun Bei Yu Jun Guo Zhu Yi Fu Huo@f井上清著@FJing Shang Qing Zhu@g盛继勤译
210    @a北京@c商务印书馆@d1985.01
215    @a263页@d19cm
300    @a内部发行
517    @a重整军备与军国主义复活@AZhong Zheng Jun Bei Yu Jun Guo Zhu Yi Fu Huo
606 0  @a东亚@x历史
690    @aK313.4@v3
701  0 @a井上清@4著
702  0 @a盛继勤@ASheng Ji Qin@4译
801    @aCN@bPftUser@c20040513
905    @dK313.4@e13:4@f0@f1@b137127
    
    日本军国主义.第四册:重整军备与军国主义复活/井上清著/盛继勤译.-北京:商务印书馆,1985.01
    263页;19cm
    内部发行
    
    ISBN :CNY1.40
    
●
相关链接 在E读中查询图书 在五车中查询图书 在当当中查询图书 在豆瓣中查询图书


正题名:日本军国主义     索取号:K313.4/13:4         预约/预借

序号 登录号 条形码 馆藏地/架位号 状态 备注
1 0137127   000359472   第二借阅区/ [索取号:K313.4/13:4] 在馆    
2 0137128   000359481   第二样本阅览室/ [索取号:K313.4/13:4] 在馆    
唐山师范学院图书馆 欢迎您!
大连网信软件有限公司© 版权所有